000
00197 a2200097 4500
001
29912
100
_a
Valiuddin
245
_a
Quranic Sufism
260
_a
_b
Progressive
_c
090
_c
19913
_d
19913
942
_a
NUST-CAE
_c
M
_c
11017
999
_c
264985
_d
264985